Olivia Rodrigo - GUTS Tracklist Sudden Death - Statistics

General Stats
  • This quiz has been taken 37 times
  • The average score is 15 of 17
Answers on the Grid
Answers color-coded by a green-red scale on the quiz's grid according to % correct below.
all american b****
bad idea right?
vampire
lacy
ballad of a homeschooled girl
making the bed
logical
get him back!
love is embarrassing
the grudge
pretty isn't pretty
teenage dream
obsessed
girl i've always been
scared of my guitar
stranger
so american
deja vu
can't catch me now
all i want
blank space
sparks fly
please please please
lush life
maniac
all too well
new year's day
i love you, i'm sorry
man i need
london boy
real man
from the start
 
Answer Stats
Answer % Correct
bad idea right?
97%
lacy
97%
vampire
97%
all american b****
93%
love is embarrassing
93%
pretty isn't pretty
93%
scared of my guitar
93%
ballad of a homeschooled girl
90%
get him back!
90%
girl i've always been
90%
logical
90%
obsessed
90%
so american
90%
teenage dream
90%
the grudge
90%
making the bed
86%
stranger
79%
No matching quizzes found
Score Distribution
Percent of People with Each Score
Percentile by Number Answered
Your Score History
You have not taken this quiz